越境DIDのある自治体名 - Statistics

General Stats
  • This quiz has been taken 13 times
  • The average score is 24 of 26
Answer Stats
県名 Answer % Correct
愛知県 一宮市
100%
愛知県 一宮市
100%
奈良県 生駒市
100%
奈良県 生駒市
100%
奈良県 奈良市
100%
京都府 木津川市
100%
奈良県 奈良市
100%
大阪府 池田市
100%
兵庫県 川西市
100%
大阪府 池田市
100%
兵庫県 尼崎市
100%
大阪府 大阪市
100%
兵庫県 尼崎市
100%
福岡県 大牟田市
100%
岐阜県 各務原市
92%
京都府 大山崎町
92%
大阪府 枚方市
92%
兵庫県 伊丹市
92%
大阪府 豊中市
92%
熊本県 荒尾市
92%
岐阜県 笠松町
83%
京都府 精華町
83%
京都府 精華町
83%
京都府 精華町
83%
京都府 八幡市
83%
大阪府 島本町
75%
No matching quizzes found
Score Distribution
Percent of People with Each Score
Percentile by Number Answered
Your Score History
You have not taken this quiz